[Event "Banska Bystrica op-B"]
[Site "Banska Bystrica"]
[Date "2013.09.13"]
[Round "2"]
[White "Cierny, Lubomir"]
[Black "Jancovic, Peter"]
[Result "0-1"]
[WhiteElo "1961"]
[BlackElo "2186"]
[PlyCount "66"]
[EventDate "2013.09.13"]
[EventType "swiss (rapid)"]
[EventRounds "9"]
[EventCountry "SVK"]
[SourceTitle "EXT 2014"]
[Source "ChessBase"]
[SourceDate "2013.11.20"]
[SourceVersion "1"]
[SourceVersionDate "2013.11.20"]
[SourceQuality "1"]

1. e4 c5 2. d4 cxd4 3. Nf3 d6 4. Nxd4 Nf6 5. Nc3 a6 6. Be2 e5 7. Nf3 Be7 8. 0-0 0-0 9. h3 Nc6 10. Be3 b5 11. a3 Be6 12. Nh2 d5 13. exd5 Nxd5 14. Nxd5 Bxd5 15. f3 f5 16. c3 Na5 17. Bf2 Bg5 18. Rb1 Rc8 19. h4 Bf4 20. g3 Bh6 21. g4 Bf4 22. gxf5 Rxf5 23. Bd3 Rh5 24. Ng4 Nb3 25. Re1 Nd2 26. Re4 Bxe4 27. Bxe4 Nxb1 28. Qxb1 Rxh4 29. Bxh4 Qxh4 30. Qa2+ Kh8 31. Qe6 Rd8 32. Bd5 Qe1+ 33. Kg2 Qd2+ 0-1

[Event "SVK-chT2C 10/11"]
[Site "Slovakia"]
[Date "2011.02.05"]
[Round "6.4"]
[White "Cierny, Lubomir"]
[Black "Rogos, Jan Jr"]
[Result "0-1"]
[WhiteElo "1971"]
[BlackElo "2152"]
[PlyCount "90"]
[EventDate "2010.10.23"]
[EventType "team-tourn"]
[EventRounds "11"]
[EventCountry "SVK"]
[SourceTitle "EXT 2019"]
[Source "ChessBase"]
[SourceDate "2018.10.10"]
[SourceVersion "1"]
[SourceVersionDate "2018.10.10"]
[SourceQuality "1"]
[WhiteTeam "Zvolen Slavia"]
[BlackTeam "Jelsava SK Magnezit"]
[WhiteTeamCountry "SVK"]
[BlackTeamCountry "SVK"]

1. e4 c5 2. d4 cxd4 3. Nf3 Nc6 4. c3 dxc3 5. Nxc3 e6 6. Be3 Nf6 7. h3 Bb4 8. Bd3 d5 9. 0-0 Bxc3 10. exd5 Nxd5 11. bxc3 Nxe3 12. fxe3 0-0 13. Qc2 g6 14. Rf2 Qc7 15. Raf1 Qg3 16. c4 Ne5 17. Nxe5 Qxe5 18. Rf6 Qc5 19. Kh1 e5 20. Rxf7 Be6 21. Rxf8+ Rxf8 22. Rxf8+ Qxf8 23. Qe2 Qc5 24. e4 Kg7 25. Kh2 Qd4 26. Qc2 b6 27. Be2 a5 28. Qd3 Qxd3 29. Bxd3 Kf6 30. Kg3 Ke7 31. h4 Kd6 32. h5 g5 33. h6 Ke7 34. Be2 Kf6 35. Kf3 Kg6 36. Ke3 Kxh6 37. g4 Kg6 38. Kd3 Kf6 39. a3 Ke7 40. Kc3 Kd6 41. Kd3 Kc6 42. Kc3 Kc5 43. a4 h6 44. Kb3 Kd4 45. Bf1 Bxg4 0-1

[Event "SVK-chT2C 0708"]
[Site "Slovakia"]
[Date "2008.02.03"]
[Round "9.2"]
[White "Cierny, Lubomir"]
[Black "Daubner, Jakub"]
[Result "0-1"]
[WhiteElo "1948"]
[BlackElo "2163"]
[PlyCount "106"]
[EventDate "2007.10.06"]
[EventType "team-tourn"]
[EventRounds "11"]
[EventCountry "SVK"]
[SourceTitle "EXT 2010"]
[Source "ChessBase"]
[SourceDate "2010.11.25"]
[SourceVersion "1"]
[SourceVersionDate "2010.11.25"]
[SourceQuality "1"]
[WhiteTeam "Zvolen Slavia"]
[BlackTeam "Zilina Mladost juniors"]
[WhiteTeamCountry "SVK"]
[BlackTeamCountry "SVK"]

1. e4 e6 2. d4 d5 3. Nd2 Nf6 4. e5 Nfd7 5. f4 c5 6. c3 Nc6 7. Ngf3 Qb6 8. Nb3 cxd4 9. Nbxd4 Bc5 10. Be2 0-0 11. 0-0 f6 12. exf6 Nxf6 13. Kh1 Nxd4 14. cxd4 Bd6 15. Ne5 Bd7 16. Be3 Bb5 17. Rf3 Rac8 18. Rh3 Bxe2 19. Qxe2 Qc7 20. Qf3 Qc2 21. Rf1 Qe4 22. Bd2 Rc2 23. Bc3 Qxf3 24. Rhxf3 Ne4 25. g3 Bxe5 26. dxe5 g6 27. Kg1 Rc8 28. Rb1 b6 29. g4 Nxc3 30. bxc3 R8xc3 31. Rxc3 Rxc3 32. Rb2 Rc4 33. Rf2 b5 34. Kg2 b4 35. g5 a5 36. Kg3 a4 37. Rb2 Kf7 38. h4 Ke7 39. Kg4 Kd7 40. Rf2 b3 41. axb3 axb3 42. Rf3 Rb4 43. Rf1 b2 44. Rb1 Kc6 45. h5 Kb5 46. hxg6 hxg6 47. Kf3 Ka4 48. f5 exf5 49. e6 Ka3 50. e7 Re4 51. Rd1 Rxe7 52. Rxd5 b1Q 53. Ra5+ Kb4 0-1

[Event "SVK-chT2C 0708"]
[Site "Slovakia"]
[Date "2008.02.02"]
[Round "8.2"]
[White "Kostelny, Jozef"]
[Black "Cierny, Lubomir"]
[Result "1-0"]
[WhiteElo "2199"]
[BlackElo "1948"]
[PlyCount "77"]
[EventDate "2007.10.06"]
[EventType "team-tourn"]
[EventRounds "11"]
[EventCountry "SVK"]
[SourceTitle "EXT 2010"]
[Source "ChessBase"]
[SourceDate "2010.11.25"]
[SourceVersion "1"]
[SourceVersionDate "2010.11.25"]
[SourceQuality "1"]
[WhiteTeam "Zilina Mladost II"]
[BlackTeam "Zvolen Slavia"]
[WhiteTeamCountry "SVK"]
[BlackTeamCountry "SVK"]

1. d4 Nf6 2. Nf3 g6 3. c4 Bg7 4. Nc3 d6 5. e4 0-0 6. Be2 e5 7. 0-0 exd4 8. Nxd4 Re8 9. f3 Nbd7 10. Be3 h6 11. Qd2 Kh7 12. Kh1 Nf8 13. Rac1 Ne6 14. Rfd1 Nh5 15. Nxe6 Bxe6 16. g4 Nf6 17. Rg1 Ng8 18. g5 h5 19. Bd3 Ne7 20. f4 Bd7 21. Bb1 c6 22. f5 Be5 23. Rcf1 Rf8 24. Bf4 Qc7 25. c5 d5 26. f6 Ng8 27. exd5 cxd5 28. Qe2 Bg4 29. Qxe5 Qxc5 30. Be3 Qc8 31. Bd4 Qd7 32. Qg3 Rae8 33. Rf4 Re4 34. Nxe4 dxe4 35. Rxg4 Qxd4 36. Bxe4 Qxb2 37. Qh4 Nxf6 38. gxf6 Kh8 39. Qg5 1-0

[Event "SVK-chT2C 0708"]
[Site "Slovakia"]
[Date "2007.12.01"]
[Round "5.1"]
[White "Miklas, Marian"]
[Black "Cierny, Lubomir"]
[Result "1-0"]
[WhiteElo "2194"]
[BlackElo "1948"]
[PlyCount "119"]
[EventDate "2007.10.06"]
[EventType "team-tourn"]
[EventRounds "11"]
[EventCountry "SVK"]
[SourceTitle "EXT 2010"]
[Source "ChessBase"]
[SourceDate "2010.11.25"]
[SourceVersion "1"]
[SourceVersionDate "2010.11.25"]
[SourceQuality "1"]
[WhiteTeam "Banska Bystrica Kurta"]
[BlackTeam "Zvolen Slavia"]
[WhiteTeamCountry "SVK"]
[BlackTeamCountry "SVK"]

1. c4 e6 2. Nf3 Nf6 3. g3 c6 4. Bg2 d5 5. 0-0 g6 6. b3 Bg7 7. Bb2 0-0 8. d3 Ne8 9. Bxg7 Nxg7 10. d4 Nd7 11. Nbd2 Re8 12. e3 Nf8 13. e4 dxe4 14. Nxe4 Qe7 15. Qc2 Rd8 16. Rad1 Ne8 17. Rfe1 f6 18. Nc3 Qf7 19. b4 Bd7 20. Qb3 h6 21. a4 Rab8 22. b5 Nc7 23. Nd2 Be8 24. Nf1 Kg7 25. Ne3 h5 26. c5 Nd5 27. Ne4 g5 28. Nd6 Qg6 29. Nxd5 cxd5 30. Bxd5 Rxd6 31. cxd6 exd5 32. Re7+ Kh6 33. Qxd5 Bd7 34. Rc1 h4 35. Qf7 Qxf7 36. Rxf7 Kg6 37. Re7 h3 38. Rc7 Bg4 39. Rxb7 Rd8 40. Rxa7 Rxd6 41. Re3 Bd7 42. f3 Rxd4 43. Kf2 g4 44. Re2 gxf3 45. Rb2 Ne6 46. b6 Nd8 47. b7 Nc6 48. b8Q Nxb8 49. Rxb8 Be6 50. Rb2 Rd1 51. Rc7 Bd5 52. Rcc2 Rh1 53. Ke3 Rg1 54. Rd2 Ba8 55. a5 Rg2 56. a6 f5 57. a7 Kg5 58. Rb8 Be4 59. a8Q Bxa8 60. Rxa8 1-0

[Event "SVK-chT2C 0708"]
[Site "Slovakia"]
[Date "2007.10.06"]
[Round "1.2"]
[White "Cierny, Lubomir"]
[Black "Novacek, Vladimir"]
[Result "1-0"]
[WhiteElo "1948"]
[BlackElo "2086"]
[PlyCount "109"]
[EventDate "2007.10.06"]
[EventType "team-tourn"]
[EventRounds "11"]
[EventCountry "SVK"]
[SourceTitle "EXT 2010"]
[Source "ChessBase"]
[SourceDate "2010.11.25"]
[SourceVersion "1"]
[SourceVersionDate "2010.11.25"]
[SourceQuality "1"]
[WhiteTeam "Zvolen Slavia"]
[BlackTeam "Podbrezova ZP Sport"]
[WhiteTeamCountry "SVK"]
[BlackTeamCountry "SVK"]

1. e4 g6 2. d4 Bg7 3. c3 d6 4. f4 Nf6 5. Bd3 0-0 6. Nf3 c5 7. d5 c4 8. Bc2 e6 9. dxe6 fxe6 10. Qe2 d5 11. e5 Nh5 12. g3 Nc6 13. Be3 Bh6 14. Nbd2 b5 15. a3 a5 16. 0-0 Ba6 17. Qg2 Ng7 18. Qh3 Nf5 19. Bc5 Bg7 20. Bxf8 Bxf8 21. Bxf5 gxf5 22. Nd4 Nxd4 23. cxd4 b4 24. axb4 axb4 25. Nf3 c3 26. Ng5 Qd7 27. Rf2 h6 28. Nf3 Qc6 29. Qg2 Bd3 30. Rxa8 Qxa8 31. h3 Be4 32. Kh2 cxb2 33. Rxb2 Qa3 34. Rf2 Qe3 35. g4 Qxf4+ 36. Qg3 Qxg3+ 37. Kxg3 b3 38. Rb2 Bc2 39. Ne1 fxg4 40. Nxc2 bxc2 41. Rxc2 gxh3 42. Kxh3 Kf7 43. Rf2+ Ke7 44. Kg4 Ke8 45. Kh5 Bb4 46. Rc2 Ba5 47. Kxh6 Bb6 48. Rd2 Kf7 49. Rf2+ Ke7 50. Rf4 Ba5 51. Kg6 Bc3 52. Rh4 Bb2 53. Rh7+ Kd8 54. Kf6 Bxd4 55. Kxe6 1-0

[Event "SVK-chT2C 0607"]
[Site "Slovakia"]
[Date "2007.02.03"]
[Round "8.5"]
[White "Cierny, Lubomir"]
[Black "Miciak, Maros"]
[Result "1-0"]
[WhiteElo "1910"]
[BlackElo "2036"]
[PlyCount "99"]
[EventDate "2006.10.14"]
[EventType "team-tourn"]
[EventRounds "11"]
[EventCountry "SVK"]
[SourceTitle "EXT 2019"]
[Source "ChessBase"]
[SourceDate "2018.10.10"]
[SourceVersion "1"]
[SourceVersionDate "2018.10.10"]
[SourceQuality "1"]
[WhiteTeam "Zvolen Slavia"]
[BlackTeam "Zilina Central"]
[WhiteTeamCountry "SVK"]
[BlackTeamCountry "SVK"]

1. e4 e5 2. d4 exd4 3. Nf3 Nc6 4. Bc4 d6 5. Nxd4 Ne5 6. Be2 Nf6 7. Nc3 Be7 8. 0-0 0-0 9. f4 Ng6 10. f5 Ne5 11. Bf4 c5 12. Nf3 Nxf3+ 13. Bxf3 Qb6 14. Rb1 Rd8 15. Qe1 Bd7 16. g4 Bc6 17. g5 Ne8 18. Qg3 Qc7 19. Nd5 Bxd5 20. exd5 Qd7 21. f6 Bf8 22. Bg4 Qa4 23. Be3 Qxa2 24. fxg7 Bxg7 25. Qf3 f6 26. Be6+ Kh8 27. g6 f5 28. Qxf5 Nf6 29. b3 Rf8 30. Qd3 Nh5 31. Rbe1 Qb2 32. Bf7 Be5 33. Rf2 hxg6 34. Ref1 Bd4 35. Kh1 Bxe3 36. Qxe3 Qg7 37. Qg5 Kh7 38. Bxg6+ Qxg6 39. Qxg6+ Kxg6 40. Rxf8 Rxf8 41. Rxf8 Nf6 42. c4 Ne4 43. Rb8 b6 44. Ra8 Nd2 45. Rxa7 Nxb3 46. Rd7 Kf5 47. Rxd6 Na5 48. Rxb6 Nxc4 49. Rc6 Ke5 50. Rxc5 1-0

[Event "SVK-chT2C 0607"]
[Site "Slovakia"]
[Date "2006.10.15"]
[Round "2.6"]
[White "Cierny, Lubomir"]
[Black "Hanuliak, Stanislav"]
[Result "0-1"]
[WhiteElo "1910"]
[BlackElo "2066"]
[PlyCount "152"]
[EventDate "2006.10.14"]
[EventType "team-tourn"]
[EventRounds "11"]
[EventCountry "SVK"]
[SourceTitle "EXT 2008"]
[Source "ChessBase"]
[SourceDate "2007.11.25"]
[SourceVersion "1"]
[SourceVersionDate "2007.11.25"]
[SourceQuality "1"]
[WhiteTeam "Zvolen Slavia"]
[BlackTeam "Zilina Mladost II"]
[WhiteTeamCountry "SVK"]
[BlackTeamCountry "SVK"]

1. Nf3 c5 2. e3 d5 3. d4 e6 4. Be2 Nf6 5. 0-0 Nc6 6. b3 cxd4 7. exd4 Bd6 8. Bg5 0-0 9. Nbd2 h6 10. Bh4 Bd7 11. h3 Rc8 12. c4 dxc4 13. Nxc4 Be7 14. a3 Nd5 15. Bxe7 Qxe7 16. Qd2 Rfd8 17. Bd3 Be8 18. Rfe1 Qf6 19. Re4 h5 20. Rae1 g6 21. Nce5 Qg7 22. Nxc6 Bxc6 23. Ne5 Be8 24. Nf3 Ne7 25. Re5 Nc6 26. R5e4 Nxd4 27. Nxd4 Rxd4 28. Rxd4 Qxd4 29. Qe3 Rd8 30. Be4 Qxe3 31. Rxe3 Bc6 32. Bd3 Bd5 33. b4 Rc8 34. Be2 Kf8 35. h4 Ke7 36. Kh2 Rc2 37. Kg3 Kf6 38. Bb5 Rc7 39. Be2 Rc8 40. Bd1 Rc1 41. Bf3 Bxf3 42. Rxf3+ Ke7 43. Rd3 e5 44. f3 Rc4 45. Kh3 f5 46. g3 e4 47. Re3 Ke6 48. fxe4 fxe4 49. Kg2 Rc2+ 50. Kf1 Ke5 51. a4 Kd4 52. Re1 Ke5 53. Rd1 Rc4 54. b5 Rxa4 55. Rd7 b6 56. Kf2 Rb4 57. Re7+ Kf5 58. Rxa7 Rxb5 59. Rf7+ Ke6 60. Rg7 Rf5+ 61. Ke2 Rf6 62. Rb7 Kf5 63. Re7 Re6 64. Rf7+ Kg4 65. Rf4+ Kxg3 66. Ke3 b5 67. Rf2 Kxh4 68. Rb2 Kg4 69. Rxb5 h4 70. Rb1 g5 71. Rg1+ Kh5 72. Rh1 Re8 73. Rh2 g4 74. Ra2 h3 75. Kf2 Kh4 76. Ke3 g3 0-1

[Event "SVK-chT2C 0506"]
[Site "Slovakia"]
[Date "2005.10.23"]
[Round "2.2"]
[White "Cierny, Lubomir"]
[Black "Zvarik, Martin"]
[Result "0-1"]
[WhiteElo "2030"]
[BlackElo "2095"]
[PlyCount "85"]
[EventDate "2005.10.22"]
[EventType "team-tourn"]
[EventRounds "11"]
[EventCountry "SVK"]
[SourceTitle "EXT 2009"]
[Source "ChessBase"]
[SourceDate "2008.11.26"]
[SourceVersion "1"]
[SourceVersionDate "2008.11.26"]
[SourceQuality "1"]

1. e4 e5 2. d4 exd4 3. Nf3 Nc6 4. Bc4 Nf6 5. 0-0 Be7 6. Re1 d6 7. Nxd4 0-0 8. Nxc6 bxc6 9. Nc3 Ng4 10. Be2 Ne5 11. f4 Ng6 12. f5 Ne5 13. Bf4 Bf6 14. Qd2 Rb8 15. b3 h6 16. Rad1 Bg5 17. Bxg5 Qxg5 18. Qxg5 hxg5 19. Rf1 Nd7 20. g4 Re8 21. Bf3 Re5 22. Rd2 Ba6 23. Rfd1 Rbe8 24. Kf2 Nf6 25. h3 R8e7 26. h4 gxh4 27. g5 Nh7 28. Rg1 g6 29. Ke3 Rxf5 30. Rdg2 Ree5 31. Bg4 Rxg5 32. Bd7 Rxg2 33. Rxg2 Nf6 34. Bxc6 h3 35. Rg1 Kg7 36. b4 Rh5 37. b5 Bc8 38. Ne2 Ng4+ 39. Kf4 h2 40. Rh1 Nf2 41. Ng3 Rh4+ 42. Kf3 Nxh1 43. Nxh1 0-1

[Event "Liptovsky Mikulas Liptov op 22nd"]
[Site "Liptovsky Mikulas"]
[Date "2005.09.03"]
[Round "8"]
[White "Cierny, Lubomir"]
[Black "Madar, Martin"]
[Result "0-1"]
[WhiteElo "2038"]
[BlackElo "1976"]
[PlyCount "72"]
[EventDate "2005.08.29"]
[EventType "swiss"]
[EventRounds "9"]
[EventCountry "SVK"]
[SourceTitle "EXT 2008"]
[Source "ChessBase"]
[SourceDate "2007.11.25"]
[SourceVersion "1"]
[SourceVersionDate "2007.11.25"]
[SourceQuality "1"]

1. e4 d5 2. exd5 Nf6 3. Nc3 Nxd5 4. Bc4 Nb6 5. Be2 e5 6. d3 Bc5 7. Nf3 Nc6 8. Ne4 Be7 9. 0-0 f5 10. Nc3 0-0 11. Re1 g5 12. Kh1 g4 13. Nxe5 Nxe5 14. d4 Ng6 15. Bh6 Re8 16. Qd2 c6 17. d5 cxd5 18. Bb5 Bd7 19. Bd3 Bf8 20. Bg5 Be7 21. Bh6 Kh8 22. Rad1 Bf6 23. Ne2 d4 24. Ng3 Rxe1+ 25. Rxe1 Nh4 26. Nh5 Bc6 27. Bf1 Ng6 28. Re6 Be7 29. Bg7+ Kg8 30. Bxd4 Kf7 31. Re1 Bg5 32. Qd1 Qd5 33. c4 Nxc4 34. Bc3 Qxd1 35. Bxc4+ Qd5 36. Bxd5+ Bxd5 0-1

[Event "Liptovsky Mikulas Liptov op 22nd"]
[Site "Liptovsky Mikulas"]
[Date "2005.09.02"]
[Round "6"]
[White "Cierny, Lubomir"]
[Black "Galbavy, Dusan"]
[Result "1-0"]
[WhiteElo "2038"]
[BlackElo "1984"]
[PlyCount "61"]
[EventDate "2005.08.29"]
[EventType "swiss"]
[EventRounds "9"]
[EventCountry "SVK"]
[SourceTitle "EXT 2008"]
[Source "ChessBase"]
[SourceDate "2007.11.25"]
[SourceVersion "1"]
[SourceVersionDate "2007.11.25"]
[SourceQuality "1"]

1. e4 e6 2. d4 d5 3. exd5 exd5 4. Bd3 Bd6 5. h3 Nc6 6. c3 Nge7 7. Bg5 Be6 8. Ne2 Qd7 9. Qc2 h6 10. Bf4 Nf5 11. Bxd6 Nxd6 12. Nd2 0-0 13. Nf4 Rae8 14. 0-0 g5 15. Nxe6 Qxe6 16. Qd1 Kg7 17. Re1 Qd7 18. Qf3 Ne7 19. Nf1 c6 20. Ng3 f5 21. h4 Ne4 22. Nh5+ Kg6 23. Qd1 Qd6 24. f3 Nxc3 25. bxc3 Kxh5 26. Re5 Kxh4 27. Qe1+ Kh5 28. g4+ fxg4 29. fxg4+ Kxg4 30. Be2+ Kf4 31. Qf2# 1-0

[Event "SVK-chT2 0304"]
[Site "Slovakia"]
[Date "2004.??.??"]
[Round "7"]
[White "Okos, Alexander"]
[Black "Cierny, Lubomir"]
[Result "1-0"]
[WhiteElo "2130"]
[BlackElo "2083"]
[PlyCount "84"]
[EventDate "2003.10.??"]
[EventType "team"]
[EventRounds "11"]
[EventCountry "SVK"]
[SourceTitle "EXT 2006"]
[Source "ChessBase"]
[SourceDate "2005.11.24"]
[SourceVersion "1"]
[SourceVersionDate "2005.11.24"]
[SourceQuality "1"]

1. e4 e6 2. d4 d5 3. e5 c5 4. c3 Nc6 5. Nf3 Qc7 6. Be2 cxd4 7. cxd4 Bb4+ 8. Bd2 Nge7 9. Bxb4 Nxb4 10. Qa4+ Nbc6 11. Nc3 0-0 12. 0-0 Ng6 13. Rac1 Qe7 14. a3 f6 15. exf6 Qxf6 16. Qd1 Bd7 17. b4 Nce7 18. Qd2 Nf4 19. Kh1 Neg6 20. Bd1 h6 21. g3 Nh3 22. Kg2 Qf5 23. Ng1 Ng5 24. Bc2 Ne4 25. Nxe4 dxe4 26. Qe3 Bc6 27. Kh1 Qg5 28. Bb3 Rf6 29. Qxg5 hxg5 30. Rc3 Rd8 31. Ne2 Rf3 32. Re3 b5 33. Rd1 Kh8 34. Kg2 Rxe3 35. fxe3 Nf8 36. Kf2 Nd7 37. Ng1 Nf6 38. Nh3 Nd5 39. Nxg5 Nc3 40. Nf7+ Kh7 41. Nxd8 Nxd1+ 42. Bxd1 Kg8 1-0

[Event "SVK-chT2 0304"]
[Site "Slovakia"]
[Date "2004.??.??"]
[Round "11"]
[White "Sokol, Lubomir"]
[Black "Cierny, Lubomir"]
[Result "0-1"]
[WhiteElo "2179"]
[BlackElo "2083"]
[PlyCount "124"]
[EventDate "2003.10.??"]
[EventType "team"]
[EventRounds "11"]
[EventCountry "SVK"]
[SourceTitle "EXT 2006"]
[Source "ChessBase"]
[SourceDate "2005.11.24"]
[SourceVersion "1"]
[SourceVersionDate "2005.11.24"]
[SourceQuality "1"]

1. e4 Nf6 2. e5 Nd5 3. c4 Nb6 4. d4 d6 5. exd6 exd6 6. Nf3 Bf5 7. Bd3 Bxd3 8. Qxd3 Be7 9. 0-0 0-0 10. Nc3 N8d7 11. b3 Re8 12. Bb2 Nf6 13. d5 Nbd7 14. Rae1 Nc5 15. Qd4 Qc8 16. b4 Ncd7 17. Ne4 Nf8 18. Re2 Ng6 19. Rfe1 Qd7 20. Ng3 b6 21. h4 Bf8 22. h5 Rxe2 23. Rxe2 Ne5 24. Nxe5 dxe5 25. Rxe5 Re8 26. Rxe8 Qxe8 27. Qe5 Bxb4 28. h6 Qxe5 29. Bxe5 Ne8 30. hxg7 f6 31. Bf4 Kxg7 32. Nf5+ Kf7 33. Kh2 Bd6 34. Kg3 Be5 35. Kg4 h5+ 36. Kf3 Nd6 37. Nxd6+ cxd6 38. Bd2 Kg6 39. Bb4 a5 40. Ba3 f5 41. g3 Kf6 42. Ke3 Ke7 43. Bc1 Kd7 44. Bd2 a4 45. Be1 Kc7 46. f3 Kb7 47. Kd3 Ka6 48. f4 Bf6 49. Bc3 Be7 50. Bg7 b5 51. Kc3 Bd8 52. Kd3 Bb6 53. Bf8 Bc5 54. Be7 b4 55. Kc2 Kb7 56. Kd3 Kc8 57. Bh4 Kd7 58. g4 hxg4 59. Bg3 Kc7 60. Be1 Kb6 61. Bh4 Ka6 62. Be1 Ka7 0-1

[Event "Salgotarjan Balazs Memorial op"]
[Site "Salgotarjan"]
[Date "2003.07.30"]
[Round "3"]
[White "Istvanovszky, Kalman"]
[Black "Cierny, Lubomir"]
[Result "1-0"]
[WhiteElo "2247"]
[BlackElo "2069"]
[PlyCount "67"]
[EventDate "2003.07.28"]
[EventType "swiss"]
[EventRounds "9"]
[EventCountry "HUN"]
[SourceTitle "EXT 2008"]
[Source "ChessBase"]
[SourceDate "2007.11.25"]
[SourceVersion "1"]
[SourceVersionDate "2007.11.25"]
[SourceQuality "1"]

1. e4 d5 2. exd5 Qxd5 3. Nc3 Qe5+ 4. Be2 Bg4 5. d4 Bxe2 6. Ngxe2 Qh5 7. Bf4 c6 8. Qd2 e6 9. 0-0-0 Nf6 10. Be5 Nbd7 11. Ng3 Qg6 12. Rhe1 Bb4 13. a3 Bxc3 14. Qxc3 Qh6+ 15. Kb1 0-0 16. Bd6 Rfd8 17. Qf3 Qg6 18. h3 b5 19. Ne2 Nd5 20. g4 N7b6 21. Qg3 f6 22. Nc1 Qf7 23. Nd3 Nc4 24. Bc5 a5 25. g5 b4 26. gxf6 Qxf6 27. Ne5 Nxe5 28. Rxe5 bxa3 29. Bxa3 Rd7 30. Rde1 Re8 31. Bc5 Rf7 32. Rxe6 Nc3+ 33. Ka1 Rxe6 34. Rxe6 1-0

[Event "Salgotarjan Balazs Memorial op"]
[Site "Salgotarjan"]
[Date "2002.08.04"]
[Round "3"]
[White "Smida, Laszlo"]
[Black "Cierny, Lubomir"]
[Result "1/2-1/2"]
[WhiteElo "2098"]
[BlackElo "2099"]
[PlyCount "78"]
[EventDate "2002.08.02"]
[EventType "swiss"]
[EventRounds "9"]
[EventCountry "HUN"]
[SourceTitle "EXT 2008"]
[Source "ChessBase"]
[SourceDate "2007.11.25"]
[SourceVersion "1"]
[SourceVersionDate "2007.11.25"]
[SourceQuality "1"]

1. d4 d5 2. Bf4 Nf6 3. e3 Bf5 4. Nf3 h6 5. h3 e6 6. Be2 Bd6 7. Bxd6 Qxd6 8. 0-0 Nbd7 9. Nbd2 0-0 10. c4 c6 11. c5 Qc7 12. a3 e5 13. dxe5 Nxe5 14. b4 Nxf3+ 15. Nxf3 Ne4 16. Rc1 Rfe8 17. Nd4 Bg6 18. a4 Rac8 19. Bd3 Qe7 20. a5 a6 21. Bxe4 Bxe4 22. Qd2 Qg5 23. f3 Bf5 24. g4 Bd7 25. Rce1 f5 26. Qf2 fxg4 27. fxg4 Rf8 28. Qg3 Rce8 29. Rxf8+ Rxf8 30. Rf1 Rxf1+ 31. Kxf1 h5 32. Qf4 Qxf4+ 33. exf4 hxg4 34. h4 Kf7 35. Kf2 g6 36. Kg3 Kf6 37. Kf2 Bc8 38. Ke3 Bd7 39. Ne2 Bc8 1/2-1/2

[Event "Salgotarjan Balazs Memorial op"]
[Site "Salgotarjan"]
[Date "2002.08.02"]
[Round "1"]
[White "Varadi, Viktor"]
[Black "Cierny, Lubomir"]
[Result "1-0"]
[WhiteElo "2272"]
[BlackElo "2099"]
[PlyCount "119"]
[EventDate "2002.08.02"]
[EventType "swiss"]
[EventRounds "9"]
[EventCountry "HUN"]
[SourceTitle "EXT 2008"]
[Source "ChessBase"]
[SourceDate "2007.11.25"]
[SourceVersion "1"]
[SourceVersionDate "2007.11.25"]
[SourceQuality "1"]

1. e4 d5 2. exd5 Nf6 3. d4 c6 4. dxc6 Nxc6 5. Nf3 Bg4 6. Bb5 Rc8 7. c3 e6 8. h3 Bh5 9. Bf4 Bd6 10. Bxd6 Qxd6 11. Nbd2 0-0 12. 0-0 Rfd8 13. Qa4 a6 14. Bxc6 Rxc6 15. Ne5 Rc7 16. Rfe1 Nd5 17. Ne4 Qe7 18. Ng3 Bg6 19. Rad1 Rcc8 20. c4 Qb4 21. Qb3 Qxb3 22. axb3 Nb4 23. Rd2 Bc2 24. Re3 h6 25. f4 Bh7 26. Ne4 Rc7 27. Ree2 b6 28. Kf2 f6 29. Nf3 Kf7 30. Ke3 Rc6 31. Ne1 Rc7 32. Nc2 Nc6 33. Re1 Ne7 34. Kf3 Rcd7 35. Red1 g5 36. fxg5 hxg5 37. Ne3 Nc6 38. Nc2 Ne7 39. g4 Ng6 40. Ke3 Nf4 41. h4 Bxe4 42. Kxe4 Kg6 43. h5+ Kh6 44. Ne3 Re8 45. Kf3 Rf7 46. d5 f5 47. dxe6 Nxe6 48. Nxf5+ Kh7 49. Rd7 Ref8 50. R1d6 Nf4 51. Rxf7+ Rxf7 52. Rxb6 Rd7 53. Rd6 Rb7 54. Nd4 Nd3 55. Rxa6 Nxb2 56. Ke4 Nd1 57. Kf5 Rd7 58. Ne6 Rf7+ 59. Ke5 Re7 60. Kf6 1-0

[Event "SVK-chB op"]
[Site "Kaskady"]
[Date "2002.07.07"]
[Round "9.24"]
[White "Cierny, Lubomir"]
[Black "Kruppa, Dominik"]
[Result "0-1"]
[WhiteElo "2099"]
[BlackElo "2121"]
[PlyCount "64"]
[EventDate "2002.06.29"]
[EventType "swiss"]
[EventRounds "9"]
[EventCountry "SVK"]
[SourceTitle "CBM 089 Extra"]
[Source "ChessBase"]
[SourceDate "2002.09.10"]
[SourceVersion "2"]
[SourceVersionDate "2002.09.10"]
[SourceQuality "1"]

1. e4 c5 2. d4 cxd4 3. Nf3 d6 4. h3 e6 5. c3 dxc3 6. Nxc3 Nc6 7. Be3 Be7 8. Bd3 Nf6 9. Bc2 0-0 10. Rc1 a6 11. 0-0 b5 12. Ne2 Bb7 13. Ng3 Qc7 14. Bb1 Rac8 15. Ng5 h6 16. Nf3 Qb8 17. Qd2 Ne5 18. Nxe5 dxe5 19. f4 Rfd8 20. Rxc8 Qxc8 21. Qf2 exf4 22. Qxf4 Bc5 23. Kh2 Bxe3 24. Qxe3 Qd7 25. Rf2 Qd4 26. Qf4 e5 27. Qf5 Bc8 28. Qf3 Bg4 29. hxg4 Qxf2 30. Qxf2 Nxg4+ 31. Kg1 Nxf2 32. Kxf2 Rd1 0-1

[Event "SVK-chB op"]
[Site "Kaskady"]
[Date "2002.07.04"]
[Round "6.16"]
[White "Cierny, Lubomir"]
[Black "Bochnickova, Andrea"]
[Result "0-1"]
[WhiteElo "2099"]
[BlackElo "2175"]
[PlyCount "116"]
[EventDate "2002.06.29"]
[EventType "swiss"]
[EventRounds "9"]
[EventCountry "SVK"]
[SourceTitle "CBM 089 Extra"]
[Source "ChessBase"]
[SourceDate "2002.09.10"]
[SourceVersion "2"]
[SourceVersionDate "2002.09.10"]
[SourceQuality "1"]

1. e4 c5 2. d4 cxd4 3. Nf3 Nc6 4. c3 dxc3 5. Nxc3 d6 6. Bc4 Nf6 7. h3 e6 8. Qe2 Be7 9. Bg5 Qa5 10. Bd2 Qc7 11. Rd1 0-0 12. 0-0 a6 13. Bd3 Nd7 14. Bg5 Nd4 15. Qe3 Nxf3+ 16. gxf3 Bxg5 17. Qxg5 Ne5 18. Be2 b5 19. f4 h6 20. Qg3 Ng6 21. a3 Qe7 22. Kh2 Qf6 23. Rxd6 Qxf4 24. Rfd1 Qxg3+ 25. Kxg3 e5 26. Nd5 Be6 27. Nc7 Nf4 28. Bf1 Bb3 29. R1d2 Rac8 30. Rd7 Ne6 31. Nxe6 Bxe6 32. R7d6 Rc1 33. Bg2 a5 34. f4 exf4+ 35. Kxf4 Rfc8 36. Rd8+ Rxd8 37. Rxd8+ Kh7 38. Rd2 b4 39. axb4 axb4 40. Ke3 b3 41. e5 g6 42. h4 Kg7 43. Be4 Re1+ 44. Kd4 Rg1 45. Bg2 Rc1 46. Ke3 Rc4 47. Be4 Bf5 48. Rd4 Rxd4 49. Kxd4 Bxe4 50. Kxe4 Kf8 51. Kd3 Ke7 52. Kd4 Ke6 53. Ke4 g5 54. h5 f5+ 55. exf6 Kxf6 56. Ke3 Ke5 57. Kf3 Kf5 58. Kg3 Ke4 0-1